World Capital Rank Quiz Stats

Quiz Updated Oct 17, 2016

Challenge
Share
Tweet
Embed
Score 0/10 Timer 10:00
5 Plays Today
Size Capital % Correct
#24 Largest CityWashington, DC
94.7%
#4 Largest CityBelmopan, Bern, Brasília, Dodoma, Ottawa, Taipei, Yamoussoukro, Yaren
84.5%
#2 Largest CityAbu Dhabi, Ankara, Astana, Banjul, Beijing, Damascus, Hanoi, Khartoum, La Paz, Malabo, Manila, Porto-Novo, Quito, Vaduz, Yaounde
83.6%
#8 Largest CityCanberra, Rabat, Valletta
67%
#189 Largest CityNew Delhi
49.3%
#3 Largest CityNaypyidaw, Port of Spain, San Marino, Wellington
45.1%
#5 Largest CityPretoria
41.2%
#10 Largest CityIslamabad
31.1%
#11 Largest CityAbuja
22%
#6 Largest CitySri Jayawardenapura
9.9%

You're not logged in!

Compare scores with friends on all Sporcle quizzes.
Sign Up with Email
OR
Log In

You Might Also Like...

Show Comments

Extras

Top Quizzes Today


Score Distribution

Your Account Isn't Verified!

In order to create a playlist on Sporcle, you need to verify the email address you used during registration. Go to your Sporcle Settings to finish the process.